000 00757nam a22002177a 4500
005 20171113094258.0
010 _aENG-121303
020 _c200.00
_a9788191087505
035 _aEN-104835
037 _bDBAD/PUB
082 _a370.15
100 _aDeepa, L
245 _aChild develpoment and pedagogy (part-1) :
_cby L.Deepa [and] V Shanthi
_brelevant to age group : 6-11 /
260 _aChennai
_bSree Naveen Publication
_c2012
270 _aNo. 15, P.V. Shanmugam St., Subramaniapuram, Kolathur,
_bChennai
_e600099
300 _aPart-(1352) p.
_c22 cm (pbk)
500 _aIncludes bibliographical references
505 _aAs per new syllabus of teachers eligibility test
700 _aV.shanthi
942 _2ddc
_cEN
_h370.15
_mDEE
999 _c147287
_d147287